000 00607nam a22002057a 4500
003 SISC
005 20160316140928.0
008 130906t xxu||||| |||| 00| 0 eng d
020 _a9781407587929
050 _aML 3930.J25
_b.H352 2009
082 _aHS 920
_bH55 2009
100 _aHill, Tim
_916897
245 _aMichael Jackson :
_bThe man in the mirror 1958-2009 /
_cTim Hill.
260 _aNew York :
_bParragon,
_cc2009.
300 _a255 p. :
_bcol. ill. ;
_c28 cm.
650 _aBiography. .
_912111
650 _a Michael Jakson, 1958-2009
_916898
942 _2lcc
_cBK
999 _c10538
_d10538